Phương pháp viết và bảo vệ chuyên đề, luận văn tốt nghiệp về kinh tế và quản trị kinh doanh
保存先:
| 第一著者: | |
|---|---|
| フォーマット: | 図書 |
| 言語: | Undetermined |
| 出版事項: |
Tp. HCM
ĐH Kinh tế
1996
|
| 主題: | |
| タグ: |
タグ追加
タグなし, このレコードへの初めてのタグを付けませんか!
|
| Thư viện lưu trữ: | Trung tâm Học liệu Trường Đại học Cần Thơ |
|---|
| LEADER | 00613nam a2200169Ia 4500 | ||
|---|---|---|---|
| 001 | CTU_28856 | ||
| 008 | 210402s9999 xx 000 0 und d | ||
| 082 | |a 330.072 | ||
| 082 | |b Ph561 | ||
| 100 | |a Hồ Ngọc Phương | ||
| 245 | 0 | |a Phương pháp viết và bảo vệ chuyên đề, luận văn tốt nghiệp về kinh tế và quản trị kinh doanh | |
| 245 | 0 | |c Hồ Ngọc Phương, Tạ Thị Bích Thủy | |
| 260 | |a Tp. HCM | ||
| 260 | |b ĐH Kinh tế | ||
| 260 | |c 1996 | ||
| 650 | |a economics - research | ||
| 980 | |a Trung tâm Học liệu Trường Đại học Cần Thơ | ||